000 00443nam a2200181Ia 4500
001 2234
005 20260306143827.0
008 260306t2018||||xx |||||||||||||| ||spa||
041 _aESP
082 _a616.8
_bC78
100 _aCorral Varela, Montserrat
_eAUT
245 0 _aEvaluación neuropsicológica de la memoria
260 _c2018
300 _a248 páginas :
_c22 cm.
650 _aGEN
654 _aCPS
942 _cLIB
_dJUS
_fJUS
_2ddc
_n
999 _c2234
_d2234